000 00530nam a2200181 a 4500
005 20240831063823.0
008 991125s1977 mx 000 0 spa u
035 _aUPN01000008946
049 _aCG
050 4 _aBF896
_bS6.38
100 1 _aSolomon, Shirl
245 1 0 _aCómo conocerse realmente mediante la escritura /
_cShirl Solomon ; tr. René Cárdenas Barrios.
260 _aMéxico :
_bDiana,
_c1977.
300 _a221 p. :
_bil.
650 0 _aDibujo, psicología del
_914422
650 4 _aGRAFOLOGIA
_98932
905 _aLibro
999 _c8946
_d8946